| 000 | 00000nam##2200000za#4500 |
| 001 | 9.570540 |
| 003 | CaOODSP |
| 005 | 20210624182304 |
| 007 | cr ||||||||||| |
| 008 | 150406|2005||||xxc|||||o f|0| 0 eng|d |
| 022 | |a1919-5087 |
| 040 | |aCaOODSP|beng |
| 043 | |an-cn--- |
| 086 | 1 |aFs70-6/2005-036E-PDF |
| 110 | 1 |aCanada. |bDepartment of Fisheries and Oceans. |bQuebec Region. |
| 245 | 10|aRecovery potential assessment of Cumberland Sound, Ungava Bay, eastern Hudson Bay and St. Lawrence beluga populations (Delphinapterus leucas) |h[electronic resource] |
| 260 | |aDartmouth - Nova Scotia : |bFisheries and Oceans Canada. |cAugust 2005. |
| 300 | |a14p.|bgraphs, illus., map, references |
| 490 | 1 |aCanadian Science Advisory Secretariat science advisory report |x1919-5087|v2005/036, Quebec and Central and Arctic Regions |
| 590 | |a11-11-Supp|b2011-07-13 |
| 775 | 08|tÉvaluation du potentiel de rétablissement des populations de bélugas de la baie Cumberland, de la baie d'Ungava, de l'est de la baie d'Hudson et du Saint-Laurent (Delphinapterus leucas) |w(CaOODSP)9.601188 |
| 830 | #0|aScience advisory report (Canadian Science Advisory Secretariat)|x1919-5087|v2005/036, Quebec and Central and Arctic Regions|w(CaOODSP)9.506226 |
| 856 | 40|ahttp://publications.gc.ca|qPDF|s867 KB|uhttps://publications.gc.ca/collections/collection_2011/mpo-dfo/Fs70-6-2005-036-eng.pdf|y2005/036, Quebec and Central and Arctic Regions |